<?xml version="1.0" encoding="UTF-8"?>
<collection xmlns="http://www.loc.gov/MARC21/slim">
 <record>
  <leader>05658nam a22005895i 4500</leader>
  <controlfield tag="001">978-1-137-54325-7</controlfield>
  <controlfield tag="003">DE-He213</controlfield>
  <controlfield tag="005">20210625162028.0</controlfield>
  <controlfield tag="007">cr nn 008mamaa</controlfield>
  <controlfield tag="008">161122s2017    xxk|    s    |||| 0|eng d</controlfield>
  <datafield tag="020" ind1=" " ind2=" ">
   <subfield code="a">9781137543257</subfield>
   <subfield code="9">978-1-137-54325-7</subfield>
  </datafield>
  <datafield tag="024" ind1="7" ind2=" ">
   <subfield code="a">10.1057/978-1-137-54325-7</subfield>
   <subfield code="2">doi</subfield>
  </datafield>
  <datafield tag="050" ind1=" " ind2="4">
   <subfield code="a">LC212.9-212.93</subfield>
  </datafield>
  <datafield tag="072" ind1=" " ind2="7">
   <subfield code="a">JN</subfield>
   <subfield code="2">bicssc</subfield>
  </datafield>
  <datafield tag="072" ind1=" " ind2="7">
   <subfield code="a">EDU000000</subfield>
   <subfield code="2">bisacsh</subfield>
  </datafield>
  <datafield tag="072" ind1=" " ind2="7">
   <subfield code="a">JN</subfield>
   <subfield code="2">thema</subfield>
  </datafield>
  <datafield tag="072" ind1=" " ind2="7">
   <subfield code="a">JBSF</subfield>
   <subfield code="2">thema</subfield>
  </datafield>
  <datafield tag="082" ind1="0" ind2="4">
   <subfield code="a">370.81</subfield>
   <subfield code="2">23</subfield>
  </datafield>
  <datafield tag="245" ind1="1" ind2="0">
   <subfield code="a">Being an Early Career Feminist Academic</subfield>
   <subfield code="h">[electronic resource] :</subfield>
   <subfield code="b">Global Perspectives, Experiences and Challenges /</subfield>
   <subfield code="c">edited by Rachel Thwaites, Amy Pressland.</subfield>
  </datafield>
  <datafield tag="250" ind1=" " ind2=" ">
   <subfield code="a">1st ed. 2017.</subfield>
  </datafield>
  <datafield tag="264" ind1=" " ind2="1">
   <subfield code="a">London :</subfield>
   <subfield code="b">Palgrave Macmillan UK :</subfield>
   <subfield code="b">Imprint: Palgrave Macmillan,</subfield>
   <subfield code="c">2017.</subfield>
  </datafield>
  <datafield tag="300" ind1=" " ind2=" ">
   <subfield code="a">XVII, 298 p. 3 illus., 2 illus. in color.</subfield>
   <subfield code="b">online resource.</subfield>
  </datafield>
  <datafield tag="336" ind1=" " ind2=" ">
   <subfield code="a">text</subfield>
   <subfield code="b">txt</subfield>
   <subfield code="2">rdacontent</subfield>
  </datafield>
  <datafield tag="337" ind1=" " ind2=" ">
   <subfield code="a">computer</subfield>
   <subfield code="b">c</subfield>
   <subfield code="2">rdamedia</subfield>
  </datafield>
  <datafield tag="338" ind1=" " ind2=" ">
   <subfield code="a">online resource</subfield>
   <subfield code="b">cr</subfield>
   <subfield code="2">rdacarrier</subfield>
  </datafield>
  <datafield tag="347" ind1=" " ind2=" ">
   <subfield code="a">text file</subfield>
   <subfield code="b">PDF</subfield>
   <subfield code="2">rda</subfield>
  </datafield>
  <datafield tag="490" ind1="1" ind2=" ">
   <subfield code="a">Palgrave Studies in Gender and Education,</subfield>
   <subfield code="x">2524-6445</subfield>
  </datafield>
  <datafield tag="505" ind1="0" ind2=" ">
   <subfield code="a">Introduction: Being an Early Career Feminist Academic in a Changing Academy; Rachel Thwaites and Amy Pressland -- PART I: INTRODUCING THE EARLY CAREER EXPERIENCE -- Chapter 1. A Precarious Passion: Gendered and Age-Based Insecurity among Aspiring Academics in Australia; Lara McKenzie -- Chapter 2. Navigating Gendered Expectations at the Margins of Feminism and Criminology; Olga Marques -- PART II: AFFECT AND IDENTITIES: NEGOTIATING TENSIONS IN THE EARLY CAREER -- Chapter 3. Academic, Woman, Mother: Negotiating Multiple Subjectivities during Early Career; Agnes Bosanquet -- Chapter 4. Room for Confidence: Early Career Feminists in the English Department; Helena Goodwyn and Emily Jane Hogg -- Chapter 5. &quot;Are you One of Us, or One of Them?&quot; An Autoethnography of a 'Hybrid' Feminist Researcher Bridging Two Worlds; Sophie Alkhaled -- PART III: EXPLORING EXPERIENCES THROUGH INNOVATIVE METHODOLOGIES -- Chapter 6. Exposing the 'Hidden Injuries' of Feminist Early Career Researchers: An Experiential Think Piece about Maintaining Feminist Identities; Anna Tarrant and Emily Cooper -- Chapter 7. Reflecting Realities and Creating Utopias: early Career Feminists (un)Doing International Relations in Finland; Marjaana Jauhola and Saara Särmä -- PART IV: WORK, NETWORKS AND SOCIAL CAPITAL: BUILDING THE ACADEMIC CAREER -- Chapter 8. Challenges to Feminist Solidarity in the Era of New Public Management; Klara Regnö -- Chapter 9. Inequality in Academia: The Way Social Connections Work; Irina Gewinner -- Chapter 10. Feminist Work in Academia and Beyond; Órla Murray, Muireann Crowley, and Lena Wånggren -- PART V: ENVISAGING FEMINIST FUTURES -- Chapter 11. On Becoming 'Bad Subjects': Teaching to Transgress in Neoliberal education; Katherine Natanel -- Chapter 12. Embracing Vulnerability?: Reflection on My Academic Journey as a Japanese Feminist Early Career Research Abroad; Misato Matsuoka -- Chapter 13. &quot;I'm an Early Career Feminist Academic: Get Me Out of Here?&quot; Encountering and Resisting the Neoliberal Academy; The Res-Sisters -- Conclusion: Final Thoughts and Future Directions; Rachel Thwaites and Amy Pressland.</subfield>
  </datafield>
  <datafield tag="520" ind1=" " ind2=" ">
   <subfield code="a">This book highlights the experiences of feminist early career researchers and teachers from an international perspective in an increasingly neoliberal academy. It offers a new angle on a significant and increasingly important discussion on the ethos of higher education and the sector's place in society. Higher education is fast-changing, increasingly market-driven, and precarious. In this context entering the academy as an early career academic presents both challenges and opportunities. Early career academics frequently face the prospect of working on fixed term contracts, with little security and no certain prospect of advancement, while constantly looking for the next role. Being a feminist academic adds a further layer of complexity: the ethos of the marketising university where students are increasingly viewed as ‘customers’ may sit uneasily with a politics of equality for all. Feminist values and practice can provide a means of working through the challenges, but may also bring complications.</subfield>
  </datafield>
  <datafield tag="650" ind1=" " ind2="0">
   <subfield code="a">Gender identity in education.</subfield>
  </datafield>
  <datafield tag="650" ind1=" " ind2="0">
   <subfield code="a">Higher education.</subfield>
  </datafield>
  <datafield tag="650" ind1=" " ind2="0">
   <subfield code="a">School management and organization.</subfield>
  </datafield>
  <datafield tag="650" ind1=" " ind2="0">
   <subfield code="a">School administration.</subfield>
  </datafield>
  <datafield tag="650" ind1=" " ind2="0">
   <subfield code="a">Educational sociology .</subfield>
  </datafield>
  <datafield tag="650" ind1=" " ind2="0">
   <subfield code="a">Education and sociology.</subfield>
  </datafield>
  <datafield tag="650" ind1="1" ind2="4">
   <subfield code="a">Gender and Education.</subfield>
   <subfield code="0">https://scigraph.springernature.com/ontologies/product-market-codes/O45000</subfield>
  </datafield>
  <datafield tag="650" ind1="2" ind2="4">
   <subfield code="a">Higher Education.</subfield>
   <subfield code="0">https://scigraph.springernature.com/ontologies/product-market-codes/O36000</subfield>
  </datafield>
  <datafield tag="650" ind1="2" ind2="4">
   <subfield code="a">Administration, Organization and Leadership.</subfield>
   <subfield code="0">https://scigraph.springernature.com/ontologies/product-market-codes/O17000</subfield>
  </datafield>
  <datafield tag="650" ind1="2" ind2="4">
   <subfield code="a">Sociology of Education.</subfield>
   <subfield code="0">https://scigraph.springernature.com/ontologies/product-market-codes/X22070</subfield>
  </datafield>
  <datafield tag="700" ind1="1" ind2=" ">
   <subfield code="a">Thwaites, Rachel.</subfield>
   <subfield code="e">editor.</subfield>
   <subfield code="4">edt</subfield>
   <subfield code="4">http://id.loc.gov/vocabulary/relators/edt</subfield>
  </datafield>
  <datafield tag="700" ind1="1" ind2=" ">
   <subfield code="a">Pressland, Amy.</subfield>
   <subfield code="e">editor.</subfield>
   <subfield code="4">edt</subfield>
   <subfield code="4">http://id.loc.gov/vocabulary/relators/edt</subfield>
  </datafield>
  <datafield tag="710" ind1="2" ind2=" ">
   <subfield code="a">SpringerLink (Online service)</subfield>
  </datafield>
  <datafield tag="773" ind1="0" ind2=" ">
   <subfield code="t">Springer Nature eBook</subfield>
  </datafield>
  <datafield tag="776" ind1="0" ind2="8">
   <subfield code="i">Printed edition:</subfield>
   <subfield code="z">9781137543240</subfield>
  </datafield>
  <datafield tag="776" ind1="0" ind2="8">
   <subfield code="i">Printed edition:</subfield>
   <subfield code="z">9781349713103</subfield>
  </datafield>
  <datafield tag="776" ind1="0" ind2="8">
   <subfield code="i">Printed edition:</subfield>
   <subfield code="z">9781349713097</subfield>
  </datafield>
  <datafield tag="830" ind1=" " ind2="0">
   <subfield code="a">Palgrave Studies in Gender and Education,</subfield>
   <subfield code="x">2524-6445</subfield>
  </datafield>
  <datafield tag="856" ind1="4" ind2="0">
   <subfield code="u">https://doi.org/10.1057/978-1-137-54325-7</subfield>
  </datafield>
  <datafield tag="912" ind1=" " ind2=" ">
   <subfield code="a">ZDB-2-EDA</subfield>
  </datafield>
  <datafield tag="912" ind1=" " ind2=" ">
   <subfield code="a">ZDB-2-SXED</subfield>
  </datafield>
  <datafield tag="950" ind1=" " ind2=" ">
   <subfield code="a">Education (SpringerNature-41171)</subfield>
  </datafield>
  <datafield tag="950" ind1=" " ind2=" ">
   <subfield code="a">Education (R0) (SpringerNature-43721)</subfield>
  </datafield>
 </record>
</collection>
